| 000 | 00367nam a22001577a 4500 | ||
|---|---|---|---|
| 003 | OSt | ||
| 008 | 240323b |||||||| |||| 00| 0 eng d | ||
| 020 | _a9788182093942 | ||
| 082 | _a620.1 BAE | ||
| 100 | _aBALASUBRAMANIAN,TV | ||
| 245 | _aEngineeing Mechanics | ||
| 260 |
_aChennai _bVijay Nicole _c2016 |
||
| 300 | _a509 | ||
| 700 | _aMURUGAN,R | ||
| 942 |
_2ddc _cREF |
||
| 999 |
_c12270 _d12270 |
||